000 00330nam a2200145Ia 4500
005 20240924011011.0
008 240331s9999 xx 000 0 und d
082 _bDAM
_a750
100 _aDamse, J
245 0 _aPablo Picasso
260 _aLondon
_bBlandford press
_c1965
300 _a90 p .,
650 _aArt Series
942 _cL
999 _c3208
_d3208